000 00600nam a2200193Ia 4500
005 20250317130443.0
008 008 250317s9999 xx 000 0 eng d
020 _a0-14-007259-4
037 _aTextbook
040 _aFMSL
_beng
_cFMSL
041 _aeng
_2eng
084 _aX9S.56 M4;1
_qFMSL
100 _aGoldsmith Walter
245 0 _aWinning streak: britain's top companies reveals their formulas for success
260 _aNY
_bNY, Penguin Books
_c1985
300 _axvi,204
942 _cTB
_hX9S.56 M4;1
999 _c1263834
_d1263834